Antologi Cerpen : (Record no. 192807)

MARC details
000 -LEADER
fixed length control field 01032aam a2200325 i 4500
001 - CONTROL NUMBER
control field vtls000862701
003 - CONTROL NUMBER IDENTIFIER
control field PNM
005 - DATE AND TIME OF LATEST TRANSACTION
control field 20230820104942.0
008 - FIXED-LENGTH DATA ELEMENTS--GENERAL INFORMATION
fixed length control field 181004s2018 my e 000 j may
015 ## - NATIONAL BIBLIOGRAPHY NUMBER
National bibliography number M18-12689
020 ## - INTERNATIONAL STANDARD BOOK NUMBER
International Standard Book Number 9789671515112
Qualifying information paperback
039 #9 - LEVEL OF BIBLIOGRAPHIC CONTROL AND CODING DETAIL [OBSOLETE]
Level of rules in bibliographic description 201903211036
Level of effort used to assign nonsubject heading access points hishamuddin
Level of effort used to assign subject headings 201901041136
Level of effort used to assign classification dayang
Level of effort used to assign subject headings 201810181007
Level of effort used to assign classification maznah_m
Level of effort used to assign subject headings 201810150943
Level of effort used to assign classification maznah_m
040 ## - CATALOGING SOURCE
Original cataloging agency BNM
Language of cataloging eng
Transcribing agency BNM
Description conventions rda
Modifying agency PPAK
049 ## - LOCAL HOLDINGS (OCLC)
Holding library mal
082 04 - DEWEY DECIMAL CLASSIFICATION NUMBER
Edition number 23
Classification number 899.233010803
090 00 - LOCALLY ASSIGNED LC-TYPE CALL NUMBER (OCLC); LOCAL CALL NUMBER (RLIN)
Classification number (OCLC) (R) ; Classification number, CALL (RLIN) (NR) 899.233010803
Feature heading JUS
Feature heading KWS
100 0# - MAIN ENTRY--PERSONAL NAME
Personal name Jusnizan Ramli,
Dates associated with a name 1973-
Relator term author.
245 10 - TITLE STATEMENT
Title Antologi Cerpen :
Remainder of title Hikayat Orang Berbangsa /
Statement of responsibility, etc. Jusnizan Bin Ramli
264 #1 - PRODUCTION, PUBLICATION, DISTRIBUTION, MANUFACTURE, AND COPYRIGHT NOTICE
Place of production, publication, distribution, manufacture Seri Manjung, Perak :
Name of producer, publisher, distributor, manufacturer Gembala Angin Enterprise,
Date of production, publication, distribution, manufacture, or copyright notice [2018?]
300 ## - PHYSICAL DESCRIPTION
Extent v, 170 pages;
Dimensions 21 cm
336 ## - CONTENT TYPE
Content type term text
Source rdacontent
337 ## - MEDIA TYPE
Media type term unmediated
Source rdamedia
338 ## - CARRIER TYPE
Carrier type term volume
Source rdacarrier
650 10 - SUBJECT ADDED ENTRY--TOPICAL TERM
Topical term or geographic name entry element Short stories, Malay
Topical term or geographic name entry element Malay fiction
942 ## - ADDED ENTRY ELEMENTS (KOHA)
Source of classification or shelving scheme Dewey Decimal Classification
Koha item type Book
949 ## - LOCAL PROCESSING INFORMATION (OCLC)
6 2000663028
6 2000663032
6 2000663029
Holdings
Withdrawn Not for loan Current library Shelving location Date acquired Total Checkouts Full call number Barcode Date last seen Koha item type
  Not For Loan Perpustakaan Alor Setar Koleksi Wan Shamsudin 13/09/2023   KWS 899.233010803 JUS KWS000643 13/09/2023 Book